00464nam a22001697a 450000500170000000800410001702000180005804000210007604100080009708200130010510000270011824500410014526000430018630000160022965000190024570000300026420230927131800.0230927b ||||| |||| 00| 0 eng d a9788186423653 aIN-DiNCcIN-DiNC deng a824bCON aConrad, Josepheauthor aHeart of darkness/cby Joseph Conrad aDelhi:bWorldview publications,c2016. axlix, 341p. aEnglish essays aSatpathy, SumanyueEditor